<The> Euro and the Slovak Economy in a Period of Financial Crisis

Slovensko a EMÚ. Dopad členstva v EMÚ na vybrané makroekonomické ukazovatele Slovenska.

Na minha lista:
Detalhes bibliográficos
Autor principal: Sivák, Rudolf, 1955-
Outros Autores: Péliová, Jana, 1976-
Formato: Capítulo de Livro
Idioma:inglês
Assuntos:
Tags: Adicionar Tag
Sem tags, seja o primeiro a adicionar uma tag!

MARC

LEADER 00000nla a2200000 4500
001 0178894
005 20240502083421.5
041 0 |a eng 
044 |a PL 
245 1 0 |a <The> Euro and the Slovak Economy in a Period of Financial Crisis  |c Rudolf Sivák, Jana Péliová 
520 |a Slovensko a EMÚ. Dopad členstva v EMÚ na vybrané makroekonomické ukazovatele Slovenska. 
610 2 0 |a Európska menová únia 
610 2 0 |a Slovensko 
610 2 0 |a ukazovatele makroekonomické 
610 2 0 |a kríza finančná 
100 1 |a Sivák, Rudolf, 1955- 
700 1 |a Péliová, Jana, 1976-